| 000 | 01430cam a2200373 i 4500 | ||
|---|---|---|---|
| 999 |
_c200451595 _d69807 |
||
| 003 | TR-AnTOB | ||
| 005 | 20231206140548.0 | ||
| 007 | ta | ||
| 008 | 970605s1995 pk s 100 0 eng | ||
| 010 | _a 96960458 | ||
| 035 | _a(TR-AnTOB) | ||
| 040 |
_aDLC _beng _erda _cDLC _dTR-AnTOB |
||
| 041 | 0 | _aeng | |
| 042 | _alcode | ||
| 043 |
_aa------ _af------ |
||
| 050 | 4 |
_aHF3868.A45 _bP75 1994 |
|
| 090 |
_aHF3868.A45 _bP75 1994 |
||
| 111 | 2 |
_aPrivate Sector Meeting for the Promotion of Trade and Joint Venture Investment among Islamic Countries _n(1st : _d1994 : _cIstanbul-Turkey) _9140343 |
|
| 245 | 1 | 0 |
_aEconomic profiles of OIC member states : _b first private sector meeting of OIC Member States : 18-19 October 1994, 13-14 Jamadi-Ul-Awwal 1415H Istanbul-Turkey. |
| 264 | 1 |
_aIstanbul, Turkey : _bIslamic Chamber of Commerce and Industry, _c[1994] |
|
| 300 |
_a180 pages ; _c30 cm |
||
| 336 |
_atext _btxt _2rdacontent |
||
| 337 |
_aunmediated _bn _2rdamedia |
||
| 338 |
_avolume _bnc _2rdacarrier |
||
| 500 | _aCover title. | ||
| 500 | _aAt head of title: Islamic Chamber of Commerce and Industry. | ||
| 651 | 0 |
_aIslamic countries _xCommerce _vCongresses _9124262 |
|
| 651 | 0 |
_aIslamic Countries _xEconomic conditions _vCongresses _990925 |
|
| 710 | 2 |
_aOrganisation of Islamic Conference _994023 |
|
| 710 | 2 |
_aIslamic Chamber _9135657 |
|
| 942 |
_2lcc _cBK |
||